|
|
|
|
| LEADER |
01038nam a22002897a 4500 |
| 001 |
34643 |
| 003 |
BD-DhAAL |
| 005 |
20190514133423.0 |
| 008 |
190514r20172006ii a b 001 0 eng d |
| 999 |
|
|
|c 40737
|d 40737
|
| 020 |
|
|
|a 9788131501726
|
| 020 |
|
|
|a 8131501728
|
| 040 |
|
|
|a BD-DhAAL
|
| 050 |
0 |
0 |
|a QA184
|b .S8 1980
|
| 082 |
0 |
0 |
|a 512.5
|2 19
|
| 100 |
1 |
|
|a Strang, Gilbert.
|9 31597
|
| 245 |
1 |
0 |
|a Linear algebra and its applications /
|c Gilbert Strang.
|
| 250 |
|
|
|a Fourth edition
|
| 260 |
|
|
|a New Delhi :
|b Cengage Learning,
|c c2006 [reprinted 2017]
|
| 300 |
|
|
|a viii, 487 pages :
|b illustrations ;
|c 24 cm.
|
| 504 |
|
|
|a Includes bibliographical references and index.
|
| 526 |
|
|
|a MNS
|
| 541 |
|
|
|a Mullick & Brothers
|e 34643
|
| 650 |
|
0 |
|a Algebras, Linear.
|9 31598
|
| 852 |
|
|
|a Ayesha Abed Library
|c General Stacks
|
| 942 |
|
|
|2 ddc
|c BK
|
| 952 |
|
|
|0 0
|1 0
|2 ddc
|4 0
|6 512_500000000000000_STR
|7 0
|9 65418
|a BRACUL
|b BRACUL
|c GEN
|d 2019-04-24
|e Mullick & Brothers
|g 650.00
|l 10
|m 118
|o 512.5 STR
|p 3010034643
|r 2026-05-03
|s 2026-03-02
|t 1
|v 650.00
|w 2019-04-24
|y BK
|